000 00958nam a2200205Ia 4500
999 _c40186
_d40186
001 6793
003 GE_BSU
005 20200109170411.0
008 181216s1942||||ge |||||||||||||| ||geo||
040 _cGE_BSU
041 _ageo
080 _a94(47+57) (092) გ-59
100 _aგოგიავა, კლიმენტი.
_95998
245 _aსამამულო ომის გმირები :
_bგენერალ-მაიორი ლესელიძე ; ალექსანდერ წურწუმია ; ცეცხლის ხაზი /
_cკლიმენტი გოგიავა ; რედ. რ. გვეტაძე.
264 _aთბილისი :
_bფედერაცია,
_c1942.
300 _a112 გვ. ;
_c16 სმ.
653 _aსამამულო ომის გმირები
700 _aგვეტაძე, რ.
_eრედაქტორი
_93715
942 _cBK
_2udc